Guess the Billie Eilish song (no hints) #5 - Statistics

General Stats
  • This quiz has been taken 902 times
  • The average score is 185 of 304
Answer Stats
Hint Lyrics % Correct
I
99%
a
96%
A
96%
you
96%
You
96%
the
88%
when
85%
me
84%
to
84%
Don't
79%
don't
79%
we
79%
your
79%
and
78%
And
78%
I'm
78%
in
77%
In
77%
my
77%
so
76%
He
72%
what
72%
but
70%
But
70%
it
70%
not
70%
of
68%
were
68%
can
67%
for
67%
say
64%
know
63%
like
62%
try
62%
can't
61%
blue
59%
(Blue)
59%
hear
58%
live
58%
could
57%
Now
57%
now
57%
black
56%
over
56%
white
56%
they
54%
bird
53%
I'd
53%
still
53%
Too
53%
too
53%
true
53%
True
53%
lie
52%
same
52%
thought
52%
Thought
52%
told
52%
feather
51%
It's
51%
up
50%
Birds
49%
never
49%
with
49%
best
48%
hate
48%
Just
48%
made
48%
than
48%
mean
47%
that's
47%
back
46%
cage
46%
door
45%
mind
45%
Open
45%
born
44%
Born
44%
need
44%
trying
43%
eyes
42%
father's
42%
world
42%
blame
41%
bluer
41%
butterfly
41%
one?
41%
save
41%
what's
41%
change
40%
mother's
40%
oh
40%
amour
39%
ashamed
39%
'bout
39%
mon
39%
sleep
39%
anyone
38%
oxygen
38%
rule
38%
store
38%
you've
38%
hands
37%
only
37%
overseas
37%
plans
37%
Victim
37%
afraid
36%
Ah
36%
ah
36%
(Ah
36%
ah)
36%
baby
36%
deprived
36%
Désolée
36%
learned
36%
reaching
36%
night
35%
outside
35%
week
35%
Beautiful
34%
Colder
34%
step
34%
hours
33%
sympathise
33%
three
33%
heard
32%
Paranoid
32%
each
31%
petrified
31%
twenty-one
31%
next
29%
Means
28%
Lyrics Mm
26%
mm
26%
famous
21%
Ooh
20%
ooh
20%
blameless
19%
Grew
17%
No matching quizzes found
Score Distribution
Percent of People with Each Score
Percentile by Number Answered
Your Score History
You have not taken this quiz